00567nam a2200217Ia 4500001000700000003000500007008004100012010001100053040000900064082001700073100001400090245011600104260003900220300001100259440000500270500000500275503000800280650003400288650001100322650001600333Z_5251CHAP220113s2004 xx 000 0 und d a168315 cCHAP a174.9574 A5y aAncora, G aBiotecnologías animales y vegetales : nuevas fronteras y nuevas responsabilidades /cpor G Ancora [y otros] aMéxico, D. F. :bTrillas,c2004 a192 p. a a aC/E aBiología experimental I. t. aEtica  aGenética